British Birds - Sudden Death - Statistics

General Stats
  • This quiz has been taken 74 times
  • The average score is 6 of 20
Answers on the Grid
Answers color-coded by a green-red scale on the quiz's grid according to % correct below.
Bee Eater
Bufflehead
Cetti's Warbler
Chaffinch
Chough
Dunlin
Emu
Fairy Tern
Fieldfare
Great Bustard
Great Grey Shrike
Griffon Vulture
Jay
Little Grebe
Manx Shearwater
Mediterranean Gull
Medium Egret
Montagu's Harrier
Ortolan Bunting
Osprey
Parrot Crossbill
Pied Crow
Ptarmigan
Pygmy Owl
Red-legged Partridge
Red-tailed Hawk
Saker Falcon
Short-eared Owl
Shoveler
Snow Pigeon
Song Sparrow
Spoon-billed Sandpiper
Turtle Dove
Wallcreeper
White-tailed Eagle
Yellow Wagtail
 
Answer Stats
Answer % Correct
Chaffinch
69%
Jay
60%
Chough
54%
Osprey
52%
Fieldfare
48%
Dunlin
46%
Manx Shearwater
38%
Turtle Dove
35%
Little Grebe
29%
Yellow Wagtail
29%
Cetti's Warbler
27%
Ptarmigan
27%
Red-legged Partridge
23%
Short-eared Owl
23%
Shoveler
23%
Mediterranean Gull
17%
Montagu's Harrier
17%
White-tailed Eagle
15%
Great Grey Shrike
13%
Parrot Crossbill
4%
No matching quizzes found
Score Distribution
Percent of People with Each Score
Percentile by Number Answered
Your Score History
You have not taken this quiz